Actors who worked with Tom Hooper - Statistics

General Stats
  • This quiz has been taken 10 times
  • The average score is 18 of 41
Answer Stats
Film(s) Answer % Correct
Les Misérables Anne Hathaway
100%
The King's Speech Colin Firth
100%
The King's Speech, Les Misérables Helena Bonham Carter
100%
Les Misérables Hugh Jackman
100%
The Danish Girl Alicia Vikander
88%
Les Misérables, The Danish Girl Eddie Redmayne
88%
The King's Speech Geoffrey Rush
88%
Cats James Corden
88%
Cats Taylor Swift
88%
Cats Judi Dench
75%
Cats Rebel Wilson
75%
Les Misérables Russell Crowe
75%
Les Misérables Amanda Seyfried
63%
Cats Ian McKellen
63%
Les Misérables Sacha Baron Cohen
63%
Cats Idris Elba
50%
The King's Speech Guy Pearce
38%
Cats Jennifer Hudson
38%
Longford, The Damned United Jim Broadbent
38%
The Damned United, The King's Speech Timothy Spall
38%
Les Misérables Aaron Tveit
25%
The Danish Girl Ben Whishaw
25%
Les Misérables Daniel Huttlestone
25%
The King's Speech Derek Jacobi
25%
Cats Jason Derulo
25%
The King's Speech Jennifer Ehle
25%
The King's Speech Michael Gambon
25%
The Damned United Michael Sheen
25%
The Danish Girl Amber Heard
13%
Longford Andy Serkis
13%
Red Dust Chiwetel Ejiofor
13%
The Damned United Colm Meaney
13%
Cats Francesca Hayward
13%
Red Dust Hilary Swank
13%
Longford Lindsay Duncan
13%
The Danish Girl Matthias Schoenaerts
13%
Cats Robbie Fairchild
13%
Longford Samantha Morton
13%
The Danish Girl Sebastian Koch
13%
Cats Laurie Davidson
0%
Cats Ray Winstone
0%
No matching quizzes found
Score Distribution
Percent of People with Each Score
Percentile by Number Answered
Your Score History
You have not taken this quiz